000 00699nam a22002057a 4500
999 _c20775
_d20775
003 AR-CdUCM
008 190605b ||||| |||| 00| 0 spa d
040 _aMUNICIPALIDAD PROVINCIAL DEL CUSCO
_cBIBLIOTECA MUNICIPAL DEL CUSCO
082 _a621.48 /
_bM22
100 _aMann, Martin
_943385
245 _aAplicación de la energía atómica en tiempo de paz /
260 _aArgentina :
_bPlaza y Janes,
_c1965.
300 _a250 páginas ;
_c18 cm.
505 _aContenido : El nuevo mundo -- Energia para todos y para siempre -- Los Isótopos...
650 _aEnergía atómica
_940566
650 _aArma militar
_943386
650 _aPacificador
_943387
942 _2ddc
_cLIBROS
945 _arcc